00723nam a2200181 450000500170000000800410001702000180005804000480007604100080012410000210013224500710015326000490022430000230027350001030029650400530039965000510045265000380050320220505064053.0220504s2019 enk |||gr|||| 00| 0 eng d a9781107619074 aCO-BoUCMbspacDeissy GarciadDeissy Garcia0 aeng1 aBonan, Gordon B.10aClimate change and terrestrial ecosystem modelingcGordon B. Bonan aCambridge bCambridge University Pressc2019 axix, 437 páginas aBibliografía Básica - Facultad de Ciencias Naturales - Pregrado en Ciencias del Sistema Tierra aIncluye referencias bibliográficas e índices 7aComunidades bióticas xModelos matemáticos 7aEcologíaxModelos matemáticos